00294nam a2200097Ia 4500008004000000082001700040100002900057245003100086260005200117650002700169210210b1984 xxu||||| |||| 00| 0 eng d a820.954 IYEI aIYENGAR (K R Srinivasa). aIndian writing in english. aNew Delhi.bSterling Publishers Pvt Ltd.,c1984 aIndian writing english